Betty - Taylor Swift - Lyric Quiz - Statistics

General Stats
  • This quiz has been taken 24 times
  • The average score is 368 of 457
Answer Stats
Answer % Correct
Be
100%
I
100%
You
100%
A
94%
Betty
94%
Do
94%
Don’t
94%
In
94%
Know
94%
Of
94%
The
94%
Your
94%
Can
89%
Can’t
89%
It
89%
Just
89%
Me
89%
My
89%
On
89%
Thing
89%
This
89%
To
89%
What
89%
When
89%
All
83%
Car
83%
From
83%
Go
83%
Have
83%
If
83%
I’m
83%
Love
83%
Only
83%
She
83%
That
83%
Think
83%
Up
83%
Want
83%
Was
83%
Anything
78%
But
78%
‘Cause
78%
Dream
78%
Dreamed
78%
Her
78%
Inez
78%
It’s
78%
Like
78%
Miss
78%
Party
78%
Seventeen
78%
So
78%
Stupid
78%
Time
78%
Told
78%
Why
78%
Will
78%
Word
78%
Would
78%
At
72%
Cardigan
72%
Friends
72%
Front
72%
Heard
72%
Him
72%
Is
72%
Kiss
72%
One
72%
Or
72%
Porch
72%
Saw
72%
Says
72%
Showed
72%
Summer
72%
Tell
72%
True
72%
Trust
72%
Where
72%
With
72%
Won’t
72%
Worst
72%
About
67%
Again
67%
Broken
67%
Couldn’t
67%
Did
67%
Ever
67%
For
67%
Get
67%
Hate
67%
Hell
67%
Home
67%
Make
67%
Now
67%
Said
67%
Straight
67%
Went
67%
Wrong
67%
And
61%
Assumptions
61%
Breathe
61%
Dance
61%
Drive
61%
Favorite
61%
Garden
61%
Gym
61%
Here
61%
House
61%
Kissing
61%
Last
61%
Patch
61%
Playing
61%
Riding
61%
Rumors
61%
Side
61%
Skateboard
61%
Song
61%
Standing
61%
Switched
61%
Wings
61%
Crowds
56%
Far
56%
Homeroom
56%
James
56%
Lead
56%
Let’s
56%
Long
56%
Most
56%
Next
56%
Passed
56%
Pulled
56%
See
56%
Streetlight
56%
Thinking
56%
Times
56%
Yeah
56%
Cobblestone
50%
Days
50%
Face
50%
Found
50%
Into
50%
Nights
50%
Nowhere
50%
Slept
50%
Those
50%
Turned
50%
Wanna
50%
Doorstep
44%
Dreamt
44%
Intentions
44%
Out
44%
Plus
44%
Stopped
44%
Walking
44%
Happens
39%
Right
39%
Figment
33%
Planned
33%
Sinking
33%
Weeks
33%
Finally
28%
Beleive
22%
No matching quizzes found
Score Distribution
Percent of People with Each Score
Percentile by Number Answered
Your Score History
You have not taken this quiz